| 000 | 00510nam a2200181Ia 4500 | ||
|---|---|---|---|
| 999 |
_c29979 _d29979 |
||
| 003 | OSt | ||
| 005 | 20201127125241.0 | ||
| 008 | 190216s9999||||xx |||||||||||||| ||und|| | ||
| 020 | _a9788188015825 | ||
| 040 | _coclc | ||
| 082 |
_a894.8123 _bPOO/P |
||
| 100 |
_aPoonoor, Kanesh _96987 |
||
| 245 | 0 |
_aPookkurinjippakshi / _cKanesh Poonoor |
|
| 260 |
_bLipi Publications, _c2012. _aKozhikode: |
||
| 300 | _a112p | ||
| 650 | _aNovel | ||
| 942 |
_cBK _2ddc _h894.8123 _iPOO/P _k894.8123 _mPOO/P |
||